000 00342nam a2200121Ia 4500
008 230524s9999 xx 000 0 und d
100 _a"Bruce R.Barringer, R.Duane Ireland"
245 0 _a"Entrepreneurship: Successfully Launching New Ventures, "
260 _bPearson
500 _aQuantity Number: 70
650 _aManagement
942 _cBK
999 _c49577
_d49577